[Event "CRO Cup"]
[Site "Mali Losinj"]
[Date "2018.05.20"]
[Round "6.132"]
[White "Cupic, Lovro"]
[Black "Zelic, Branko"]
[Result "0-1"]
[WhiteElo "2231"]
[BlackElo "2242"]
[PlyCount "80"]
[EventDate "2018.05.16"]
[EventType "team-swiss"]
[EventRounds "6"]
[EventCountry "CRO"]
[SourceTitle "CBM 184 Extra"]
[Source "ChessBase"]
[SourceDate "2018.06.28"]
[SourceVersion "1"]
[SourceVersionDate "2018.06.28"]
[SourceQuality "1"]
[WhiteTeam "Zagreb Uriho"]
[BlackTeam "Zabok Polet"]
[WhiteTeamCountry "CRO"]
[BlackTeamCountry "CRO"]

1. e4 c6 2. d4 d5 3. Nc3 dxe4 4. Nxe4 Bf5 5. Nc5 Qc7 6. Bd3 Bxd3 7. Qxd3 e6 8. Ne4 Nd7 9. Ne2 Ngf6 10. Bf4 Qa5+ 11. Bd2 Qb6 12. 0-0-0 Nxe4 13. Qxe4 Nf6 14. Qe5 Nd7 15. Qg3 0-0-0 16. Bg5 Nf6 17. Bxf6 gxf6 18. Qf3 f5 19. Kb1 Rd7 20. Rd3 Rg8 21. h3 Qa5 22. c4 Qb4 23. Rc1 Bg7 24. Rb3 Qd6 25. d5 exd5 26. Qxf5 dxc4 27. Rxc4 Qg6 28. Ng3 Re8 29. a3 Re5 30. Qxg6 hxg6 31. Ne4 Rd1+ 32. Kc2 Red5 33. Rf3 f5 34. Nc3 R5d2+ 35. Kb3 Rb1 36. Nxb1 Rxb2+ 37. Ka4 b5+ 38. Ka5 bxc4 39. Rg3 Be5 40. Rxg6 Kb7 0-1

[Event "CRO Cup"]
[Site "Mali Losinj"]
[Date "2018.05.19"]
[Round "5.102"]
[White "Huis, Dinko"]
[Black "Zelic, Branko"]
[Result "0-1"]
[WhiteElo "2158"]
[BlackElo "2242"]
[PlyCount "134"]
[EventDate "2018.05.16"]
[EventType "team-swiss"]
[EventRounds "6"]
[EventCountry "CRO"]
[SourceTitle "CBM 184 Extra"]
[Source "ChessBase"]
[SourceDate "2018.06.28"]
[SourceVersion "1"]
[SourceVersionDate "2018.06.28"]
[SourceQuality "1"]
[WhiteTeam "Belisce"]
[BlackTeam "Zabok Polet"]
[WhiteTeamCountry "CRO"]
[BlackTeamCountry "CRO"]

1. d4 d5 2. c4 c6 3. Nc3 Nf6 4. Nf3 e6 5. Bg5 Be7 6. Bxf6 Bxf6 7. e3 Nd7 8. cxd5 exd5 9. Bd3 Nf8 10. h3 Ng6 11. Qc2 Qd6 12. a3 Nh4 13. Nxh4 Bxh4 14. Ne2 g6 15. Ng1 Be6 16. Nf3 Bf6 17. 0-0 0-0 18. b4 Rac8 19. Qa4 a6 20. Rab1 Kg7 21. Qc2 h5 22. Nd2 Rfe8 23. Nb3 Rc7 24. Nc5 Bc8 25. a4 Bd8 26. Qd2 Rce7 27. Rbe1 b6 28. Nb3 Bc7 29. f4 g5 30. Re2 gxf4 31. exf4 Rxe2 32. Bxe2 Qg6 33. Rf3 Bf5 34. Kh2 Kf8 35. g3 Qe6 36. Bf1 Qe1 37. Qxe1 Rxe1 38. a5 Be4 39. Rf2 Rb1 40. axb6 Bxb6 41. Nc5 Rxb4 42. Nxe4 dxe4 43. Bxa6 Bxd4 44. Rc2 c5 45. Be2 h4 46. gxh4 f5 47. Kg2 Ke7 48. h5 Rb1 49. Bf1 Rb8 50. Bc4 Rh8 51. Ra2 Rxh5 52. Ra7+ Kd6 53. Ra6+ Kc7 54. Ra7+ Kb6 55. Rf7 Ka5 56. Be2 Rh8 57. Rxf5 Kb4 58. Rd5 Kc3 59. Rd7 Rg8+ 60. Bg4 Ra8 61. Kg3 Ra2 62. f5 Be5+ 63. Kh4 Rf2 64. Kg5 e3 65. Re7 Bd4 66. Kg6 Kd2 67. h4 Rg2 0-1

[Event "CRO-CupT final"]
[Site "Sibenik"]
[Date "2015.05.23"]
[Round "5.10"]
[White "Truta, Srecko"]
[Black "Zelic, Branko"]
[Result "1-0"]
[WhiteElo "2173"]
[BlackElo "2261"]
[PlyCount "79"]
[EventDate "2015.05.20"]
[EventType "team-swiss"]
[EventRounds "6"]
[EventCountry "CRO"]
[SourceTitle "CBM 166 Extra"]
[Source "ChessBase"]
[SourceDate "2015.06.18"]
[SourceVersion "1"]
[SourceVersionDate "2015.06.18"]
[SourceQuality "1"]
[WhiteTeam "Primosten"]
[BlackTeam "Zabok Polet"]
[WhiteTeamCountry "CRO"]
[BlackTeamCountry "CRO"]

1. d4 c6 2. c4 d5 3. Nf3 Nf6 4. Nc3 g6 5. Qb3 Bg7 6. cxd5 Nxd5 7. e4 Nxc3 8. bxc3 0-0 9. Be2 Nd7 10. e5 Nb6 11. 0-0 Be6 12. c4 h6 13. a4 Qc7 14. Ba3 Rfd8 15. Rfd1 Nc8 16. d5 Bg4 17. Rab1 cxd5 18. Qxb7 Qxb7 19. Rxb7 e6 20. cxd5 exd5 21. a5 Bf8 22. Bxf8 Kxf8 23. h3 Bxf3 24. Bxf3 Ne7 25. a6 d4 26. Rb4 Rab8 27. Rdxd4 Nf5 28. Rxd8+ Rxd8 29. Rb7 Nd4 30. Rxa7 Nxf3+ 31. gxf3 Rd1+ 32. Kg2 Ra1 33. Kg3 Ra4 34. f4 Ra3+ 35. Kg4 Kg8 36. h4 h5+ 37. Kg5 Kg7 38. f5 gxf5 39. e6 Kg8 40. e7 1-0

[Event "CRO-CupT final"]
[Site "Sibenik"]
[Date "2015.05.20"]
[Round "1.8"]
[White "Goric, Esad"]
[Black "Zelic, Branko"]
[Result "1-0"]
[WhiteElo "2299"]
[BlackElo "2261"]
[PlyCount "67"]
[EventDate "2015.05.20"]
[EventType "team-swiss"]
[EventRounds "6"]
[EventCountry "CRO"]
[SourceTitle "CBM 166 Extra"]
[Source "ChessBase"]
[SourceDate "2015.06.18"]
[SourceVersion "1"]
[SourceVersionDate "2015.06.18"]
[SourceQuality "1"]
[WhiteTeam "Vinkovci"]
[BlackTeam "Zabok Polet"]
[WhiteTeamCountry "CRO"]
[BlackTeamCountry "CRO"]

1. Nf3 d5 2. d4 Nf6 3. c4 g6 4. g3 Bg7 5. Bg2 0-0 6. 0-0 c6 7. cxd5 cxd5 8. Nc3 Nc6 9. Ne5 e6 10. Nxc6 bxc6 11. Na4 Nd7 12. Bf4 e5 13. dxe5 Nxe5 14. Rc1 Re8 15. b3 Ba6 16. Nc5 Qa5 17. Nxa6 Qxa6 18. Rc2 f5 19. Qd2 Rac8 20. Rfc1 Nf7 21. Be3 h6 22. Bd4 Ng5 23. e3 Ne4 24. Bxe4 Rxe4 25. Bxg7 Kxg7 26. Rc5 Kf7 27. Qc3 d4 28. exd4 Qxa2 29. Ra5 Qe2 30. Rxa7+ Kf6 31. d5+ Kg5 32. Kg2 Rd8 33. Rc2 Qd1 34. Rd2 1-0

[Event "CRO-chT"]
[Site "Bol"]
[Date "2014.05.18"]
[Round "6.10"]
[White "Matanovic, Luka"]
[Black "Zelic, Branko"]
[Result "0-1"]
[WhiteElo "2088"]
[BlackElo "2331"]
[PlyCount "66"]
[EventDate "2014.05.14"]
[EventType "team-swiss"]
[EventRounds "6"]
[EventCountry "CRO"]
[SourceTitle "CBM 160 Extra"]
[Source "ChessBase"]
[SourceDate "2014.07.01"]
[SourceVersion "1"]
[SourceVersionDate "2014.07.01"]
[SourceQuality "1"]
[WhiteTeam "Slavonski Brod Djakovic"]
[BlackTeam "Zabok Polet"]
[WhiteTeamCountry "CRO"]
[BlackTeamCountry "CRO"]

1. e4 c6 2. d4 d5 3. exd5 cxd5 4. c3 Nf6 5. Bf4 Nc6 6. Nf3 g6 7. h3 Bg7 8. Bd3 0-0 9. 0-0 Re8 10. Re1 Be6 11. Nbd2 Qc8 12. Qc2 Bf5 13. Bxf5 Qxf5 14. Qxf5 gxf5 15. Re2 Ne4 16. g4 fxg4 17. hxg4 Nxd2 18. Bxd2 b5 19. Ne5 Bxe5 20. dxe5 b4 21. Rd1 bxc3 22. Bxc3 Red8 23. b3 e6 24. f4 a5 25. Be1 Rdc8 26. Rh2 Nb4 27. Bh4 Rc3 28. Be7 Rac8 29. Rdd2 Nd3 30. Bg5 Ne1 31. Be7 Nf3+ 32. Kg2 Nxd2 33. Rh5 Ne4 0-1

[Event "CRO-chT"]
[Site "Bol"]
[Date "2014.05.17"]
[Round "5.11"]
[White "Zelic, Branko"]
[Black "Ikica, Ante"]
[Result "1-0"]
[WhiteElo "2331"]
[BlackElo "1970"]
[PlyCount "65"]
[EventDate "2014.05.14"]
[EventType "team-swiss"]
[EventRounds "6"]
[EventCountry "CRO"]
[SourceTitle "CBM 160 Extra"]
[Source "ChessBase"]
[SourceDate "2014.07.01"]
[SourceVersion "1"]
[SourceVersionDate "2014.07.01"]
[SourceQuality "1"]
[WhiteTeam "Zabok Polet"]
[BlackTeam "Porec Gortan"]
[WhiteTeamCountry "CRO"]
[BlackTeamCountry "CRO"]

1. d4 Nf6 2. Nf3 e6 3. Bf4 b6 4. e3 Bb7 5. h3 Be7 6. Bd3 d5 7. 0-0 Nbd7 8. Nbd2 c5 9. c3 0-0 10. Qb1 Re8 11. Ne5 a6 12. Nxd7 Qxd7 13. Be5 g6 14. g4 Qd8 15. Bg3 Bf8 16. f4 Bg7 17. Kh2 Qc8 18. Rf2 Bc6 19. Qh1 Qb7 20. Raf1 Rf8 21. f5 exf5 22. gxf5 Rae8 23. Rf3 Ne4 24. Bxe4 dxe4 25. R3f2 cxd4 26. f6 Bh6 27. Bf4 Bxf4+ 28. Rxf4 dxe3 29. Qg1 Re5 30. Qxe3 Rh5 31. Rf5 Qc7+ 32. Kh1 gxf5 33. Qg1+ 1-0

[Event "CRO-chT Cup 22nd"]
[Site "Bol"]
[Date "2013.05.23"]
[Round "3.72"]
[White "Jukic, Zdenko"]
[Black "Zelic, Branko"]
[Result "0-1"]
[WhiteElo "2300"]
[BlackElo "2354"]
[PlyCount "56"]
[EventDate "2013.05.22"]
[EventType "team"]
[EventRounds "6"]
[EventCountry "CRO"]
[SourceTitle "CBM 154 Extra"]
[Source "ChessBase"]
[SourceDate "2013.06.25"]
[SourceVersion "2"]
[SourceVersionDate "2013.06.25"]
[SourceQuality "1"]
[WhiteTeam "Vukovar"]
[BlackTeam "Zabok Polet"]
[WhiteTeamCountry "CRO"]
[BlackTeamCountry "CRO"]

1. e4 c6 2. d4 d5 3. Nd2 g6 4. h4 h5 5. e5 Nh6 6. Nb3 Bf5 7. Ne2 Bg7 8. Ng3 e6 9. a4 Nd7 10. a5 0-0 11. Nxf5 exf5 12. Bg5 Qc7 13. Be2 f6 14. exf6 Nxf6 15. Nc5 Rae8 16. 0-0 Ne4 17. Bf3 Ng4 18. Bxg4 fxg4 19. Nxe4 Rxe4 20. c3 Rfe8 21. Qd3 Kh7 22. a6 b5 23. Rad1 Bh6 24. Bxh6 Kxh6 25. Qd2+ Kg7 26. Rfe1 g3 27. Rxe4 Rxe4 28. Re1 Qf4 0-1

[Event "CRO Cup 21st"]
[Site "Sibenik"]
[Date "2012.05.17"]
[Round "2.92"]
[White "Bocina, Darko"]
[Black "Zelic, Branko"]
[Result "0-1"]
[WhiteElo "2149"]
[BlackElo "2366"]
[PlyCount "98"]
[EventDate "2012.05.16"]
[EventType "team-swiss"]
[EventRounds "6"]
[EventCountry "CRO"]
[SourceTitle "CBM 148 Extra"]
[Source "ChessBase"]
[SourceDate "2012.06.22"]
[SourceVersion "1"]
[SourceVersionDate "2012.06.22"]
[SourceQuality "1"]
[WhiteTeam "Split Mornar"]
[BlackTeam "Zabok Polet"]
[WhiteTeamCountry "CRO"]
[BlackTeamCountry "CRO"]

1. e4 c6 2. Nc3 d5 3. Nf3 Nf6 4. e5 Ne4 5. Qe2 Nc5 6. d4 Nca6 7. Be3 Bg4 8. h3 Bxf3 9. Qxf3 e6 10. 0-0-0 Qa5 11. Kb1 b5 12. g4 Nd7 13. Qg3 Nb6 14. f4 Nc4 15. Bc1 Bb4 16. Rd3 c5 17. a3 Bxc3 18. Rxc3 cxd4 19. Rd3 b4 20. Rxd4 bxa3 21. Bxc4 axb2 22. Bxb2 dxc4 23. Qa3 Qb5 24. Rhd1 Nc5 25. Kc1 0-0 26. Bc3 Na4 27. Bb4 Rfc8 28. Be7 h6 29. Kd2 a5 30. Ke3 Nb6 31. Kf3 Nd5 32. Bd6 c3 33. f5 a4 34. Ra1 Rc4 35. Rd3 Rf4+ 36. Kg3 Qc4 37. Rxd5 exd5 38. e6 Re4 39. exf7+ Kxf7 40. Qc1 d4 41. Rb1 Re3+ 42. Kh4 Qc6 43. Bf4 Qf6+ 44. g5 hxg5+ 45. Bxg5 Rh8+ 46. Kg4 Re4+ 47. Kg3 Qe5+ 48. Kg2 Re2+ 49. Kf1 Rh2 0-1

[Event "CRO-chT3A Center"]
[Site "Zagreb"]
[Date "2010.04.25"]
[Round "6.22"]
[White "Frouth, Nenad"]
[Black "Zelic, Branko"]
[Result "1/2-1/2"]
[WhiteElo "2240"]
[BlackElo "2350"]
[PlyCount "67"]
[EventDate "2010.03.21"]
[EventType "team-tourn"]
[EventRounds "11"]
[EventCountry "CRO"]
[SourceTitle "EXT 2012"]
[Source "ChessBase"]
[SourceDate "2011.11.24"]
[SourceVersion "1"]
[SourceVersionDate "2011.11.24"]
[SourceQuality "1"]

1. Nf3 Nf6 2. b3 d5 3. Bb2 g6 4. g3 Bg7 5. Bg2 0-0 6. 0-0 c6 7. c4 Bf5 8. d3 Qc8 9. Nc3 dxc4 10. bxc4 Bh3 11. Qb3 Bxg2 12. Kxg2 c5 13. a4 Nc6 14. a5 Nd7 15. Nd5 e6 16. Bxg7 Kxg7 17. Qb2+ f6 18. Nc3 Rb8 19. Rfd1 b6 20. axb6 Rxb6 21. Qa3 Qa8 22. Nb5 Qb7 23. d4 Nxd4 24. Nbxd4 cxd4 25. c5 Rb5 26. Rdc1 Ne5 27. Qxa7 Nxf3 28. Qxb7+ Rxb7 29. Kxf3 f5 30. Ra6 Kf6 31. Rd6 Ke5 32. Rc4 Rc8 33. Rdxd4 Rxc5 34. Rxc5+ 1/2-1/2

[Event "Oberliga Baden 9899"]
[Site "Germany"]
[Date "1998.11.08"]
[Round "2.1"]
[White "Zelic, Branko"]
[Black "Tompa, Janos"]
[Result "1/2-1/2"]
[WhiteElo "2320"]
[BlackElo "2410"]
[PlyCount "133"]
[EventDate "1998.10.??"]
[EventType "team"]
[EventRounds "9"]
[EventCountry "GER"]
[SourceTitle "EXT 2002"]
[Source "ChessBase"]
[SourceDate "2001.11.25"]
[SourceVersion "1"]
[SourceVersionDate "2001.11.25"]
[SourceQuality "1"]
[WhiteTeam "Freiburg"]
[BlackTeam "Kirchheim"]
[WhiteTeamCountry "GER"]
[BlackTeamCountry "GER"]

1. d4 Nf6 2. Nf3 e6 3. g3 b6 4. Bg2 Bb7 5. 0-0 Be7 6. c4 0-0 7. Nc3 d5 8. Ne5 Na6 9. Qa4 Qe8 10. Qxe8 Rfxe8 11. cxd5 exd5 12. Bg5 Ne4 13. Nxe4 dxe4 14. Bxe7 Rxe7 15. Nc4 Rd8 16. e3 c5 17. Rfd1 cxd4 18. Rxd4 Rxd4 19. exd4 Rd7 20. Rd1 Nc5 21. Bf1 Ne6 22. Ne5 Rxd4 23. Rxd4 Nxd4 24. Bc4 Nf3+ 25. Nxf3 exf3 26. Kf1 Kf8 27. Ke1 Ke7 28. Kd2 Bc8 29. a3 Be6 30. Ba6 Kd6 31. Kd3 Ke5 32. Ke3 Bd5 33. Bd3 h6 34. h4 Bc6 35. Bc2 f6 36. Bg6 f5 37. Bf7 g5 38. hxg5 hxg5 39. Bb3 a5 40. Bd1 Be4 41. Bb3 Bc6 42. Bc4 b5 43. Bd3 a4 44. Bf1 g4 45. Bd3 Bd7 46. Bf1 Kd5 47. Kd3 Kc5 48. Kc3 Be6 49. Bd3 f4 50. gxf4 Bc4 51. Be4 g3 52. fxg3 f2 53. Bg2 f1Q 54. Bxf1 Bxf1 55. b3 axb3 56. Kxb3 Bh3 57. Kc3 Bg4 58. Kb3 Bf5 59. Kc3 Be6 60. Kd3 Kd5 61. Kc3 Kc5 62. Kd3 Bf5+ 63. Kc3 Bg4 64. Kb3 Bd1+ 65. Kc3 Kd5 66. g4 Bxg4 67. a4 1/2-1/2

[Event "Oberliga Baden 9798"]
[Site "Germany"]
[Date "1998.01.18"]
[Round "5.1"]
[White "Gschnitzer, Oswald"]
[Black "Zelic, Branko"]
[Result "1-0"]
[WhiteElo "2435"]
[BlackElo "2325"]
[PlyCount "75"]
[EventDate "1997.10.??"]
[EventType "team"]
[EventRounds "9"]
[EventCountry "GER"]
[SourceTitle "EXT 2002"]
[Source "ChessBase"]
[SourceDate "2001.11.25"]
[SourceVersion "1"]
[SourceVersionDate "2001.11.25"]
[SourceQuality "1"]
[WhiteTeam "Kirchheim"]
[BlackTeam "Freiburg"]
[WhiteTeamCountry "GER"]
[BlackTeamCountry "GER"]

1. d4 c6 2. c4 d5 3. Nf3 Nf6 4. Nc3 g6 5. Bf4 Bg7 6. e3 0-0 7. Rc1 Qa5 8. Qd2 Be6 9. Ng5 Bf5 10. Be2 h6 11. Nf3 a6 12. h3 Qd8 13. 0-0 Ne4 14. Qd1 g5 15. Bh2 e6 16. Qb3 Qe7 17. Nxe4 Bxe4 18. Nd2 Bg6 19. Rfe1 a5 20. cxd5 exd5 21. a3 Re8 22. Qb6 a4 23. Bc7 Na6 24. Bxa6 Rxa6 25. Qxb7 Rea8 26. Rxc6 R6a7 27. Qb6 Qd7 28. Rec1 Bd3 29. Rd6 Qe7 30. Rxd5 Ra6 31. Qc5 Qe8 32. Be5 Bf8 33. Qc3 Qe6 34. e4 Bxe4 35. Nxe4 Qxd5 36. Nf6+ Rxf6 37. Bxf6 Qf5 38. Be5 1-0

[Event "Oberliga Baden 9798"]
[Site "Germany"]
[Date "1997.11.23"]
[Round "3.1"]
[White "Kekelidze, Mikheil"]
[Black "Zelic, Branko"]
[Result "1-0"]
[WhiteElo "2370"]
[BlackElo "2325"]
[PlyCount "76"]
[EventDate "1997.10.??"]
[EventType "team"]
[EventRounds "9"]
[EventCountry "GER"]
[SourceTitle "EXT 2002"]
[Source "ChessBase"]
[SourceDate "2001.11.25"]
[SourceVersion "1"]
[SourceVersionDate "2001.11.25"]
[SourceQuality "1"]
[WhiteTeam "Karlsruhe"]
[BlackTeam "Freiburg"]
[WhiteTeamCountry "GER"]
[BlackTeamCountry "GER"]

1. e4 c6 2. Nc3 d5 3. Nf3 Bg4 4. h3 Bxf3 5. Qxf3 Nf6 6. d3 e6 7. Qg3 Nh5 8. Qg4 Nf6 9. Qh4 Be7 10. Bg5 Ng8 11. Bxe7 Nxe7 12. d4 dxe4 13. Nxe4 Qxd4 14. Rd1 Qe5 15. Be2 g5 16. Nxg5 Ng6 17. Qh5 Na6 18. 0-0 h6 19. Nxe6 Qxh5 20. Ng7+ Ke7 21. Nxh5 Rhd8 22. Bxa6 Rxd1 23. Rxd1 bxa6 24. Rd4 Rb8 25. b3 Rb5 26. Nf4 Ne5 27. Nd3 Nd7 28. Ra4 a5 29. c4 Rf5 30. f4 Nb6 31. Ra3 a4 32. g4 Ra5 33. Ne5 Ra6 34. b4 Nc8 35. c5 Ke6 36. Re3 Kd5 37. a3 f6 38. Nd7 Kd4 1-0

[Event "Oberliga Baden 9798"]
[Site "Germany"]
[Date "1997.09.28"]
[Round "1.2"]
[White "Weigand, Bernhard"]
[Black "Zelic, Branko"]
[Result "0-1"]
[WhiteElo "2295"]
[BlackElo "2325"]
[PlyCount "90"]
[EventDate "1997.10.??"]
[EventType "team"]
[EventRounds "9"]
[EventCountry "GER"]
[SourceTitle "EXT 2002"]
[Source "ChessBase"]
[SourceDate "2001.11.25"]
[SourceVersion "1"]
[SourceVersionDate "2001.11.25"]
[SourceQuality "1"]
[WhiteTeam "Waldshut"]
[BlackTeam "Freiburg"]
[WhiteTeamCountry "GER"]
[BlackTeamCountry "GER"]

1. e4 c6 2. d4 d5 3. e5 Bf5 4. c4 e6 5. Nc3 dxc4 6. Bxc4 Nd7 7. Nge2 Nb6 8. Bb3 Ne7 9. 0-0 Ned5 10. Ng3 Bg6 11. f4 Bb4 12. Nce4 0-0 13. a3 Be7 14. f5 exf5 15. Nxf5 Qd7 16. Nxe7+ Qxe7 17. Bg5 f6 18. Nxf6+ gxf6 19. Bxf6 Qe6 20. Qf3 Nd7 21. Rae1 Rae8 22. Qg3 N7xf6 23. exf6 Qf7 24. Re5 Kh8 25. Qf3 Re6 26. Bxd5 cxd5 27. Rxe6 Qxe6 28. h3 Kg8 29. Kh2 a5 30. Qf4 Rc8 31. Rf2 Qf7 32. g3 Qe6 33. Qg5 Kf7 34. Qh6 Rg8 35. Qc1 Qc6 36. Qf4 Be4 37. Qh6 Qc7 38. Qh5+ Ke6 39. Qh4 Qc1 40. g4 Rg6 41. g5 Rxg5 42. Qxg5 Qh1+ 43. Kg3 Qg1+ 44. Kh4 Qxf2+ 45. Kh5 Qxf6 0-1

[Event "Oberliga Baden 9697"]
[Site "Germany"]
[Date "1997.03.16"]
[Round "8.3"]
[White "Delemarre, Isabel"]
[Black "Zelic, Branko"]
[Result "1/2-1/2"]
[WhiteElo "2210"]
[BlackElo "2350"]
[PlyCount "90"]
[EventDate "1996.10.??"]
[EventType "team"]
[EventRounds "9"]
[EventCountry "GER"]
[SourceTitle "EXT 2002"]
[Source "ChessBase"]
[SourceDate "2001.11.25"]
[SourceVersion "1"]
[SourceVersionDate "2001.11.25"]
[SourceQuality "1"]
[WhiteTeam "Karlsruhe II"]
[BlackTeam "Freiburg"]
[WhiteTeamCountry "GER"]
[BlackTeamCountry "GER"]

1. e4 c6 2. d4 d5 3. exd5 cxd5 4. Bd3 Nc6 5. c3 Nf6 6. h3 e5 7. dxe5 Nxe5 8. Bc2 Bc5 9. Nf3 Nxf3+ 10. Qxf3 Qe7+ 11. Be3 d4 12. cxd4 Bxd4 13. Nc3 Bxe3 14. Qxe3 Qxe3+ 15. fxe3 Be6 16. Kf2 Ke7 17. Nb5 Rac8 18. Bd3 Rhd8 19. Nd4 g6 20. Rac1 a6 21. a3 Bd5 22. Rhd1 h5 23. g3 Nh7 24. Bb1 Rxc1 25. Rxc1 Ng5 26. h4 Nh7 27. Bd3 Nf6 28. Ke2 Re8 29. b4 Kd6 30. Kd2 Ng4 31. Re1 Ne5 32. Rc1 b5 33. Be2 Bc4 34. Rc3 Rc8 35. Bf3 Rc7 36. Bg2 Ra7 37. Bf3 a5 38. bxa5 Rxa5 39. Be2 Kd5 40. Bf3+ Nxf3+ 41. Nxf3 f6 42. Ke1 Ra8 43. Kf2 b4 44. e4+ Kc5 45. axb4+ Kxb4 1/2-1/2

[Event "Oberliga Baden 9697"]
[Site "Germany"]
[Date "1996.09.29"]
[Round "1.3"]
[White "Eschbach, Dennis"]
[Black "Zelic, Branko"]
[Result "1/2-1/2"]
[WhiteElo "2305"]
[BlackElo "2350"]
[PlyCount "43"]
[EventDate "1996.10.??"]
[EventType "team"]
[EventRounds "9"]
[EventCountry "GER"]
[SourceTitle "EXT 2002"]
[Source "ChessBase"]
[SourceDate "2001.11.25"]
[SourceVersion "1"]
[SourceVersionDate "2001.11.25"]
[SourceQuality "1"]
[WhiteTeam "Waldshut"]
[BlackTeam "Freiburg"]
[WhiteTeamCountry "GER"]
[BlackTeamCountry "GER"]

1. d4 c6 2. c4 d5 3. Nc3 Nf6 4. Nf3 g6 5. Bf4 Bg7 6. e3 0-0 7. Qb3 Qa5 8. a3 dxc4 9. Bxc4 b5 10. Be2 Nd5 11. 0-0 Nxf4 12. exf4 Be6 13. d5 cxd5 14. Qxb5 Bxc3 15. bxc3 Qxb5 16. Bxb5 Nd7 17. Nd4 Nc5 18. Nc6 a6 19. Nxe7+ Kg7 20. Be2 Rfe8 21. Nc6 Rec8 22. Nb4 1/2-1/2

[Event "Oberliga Baden 9596"]
[Site "Germany"]
[Date "1996.04.28"]
[Round "9.1"]
[White "Zelic, Branko"]
[Black "Panzalovic, Srdjan"]
[Result "1/2-1/2"]
[WhiteElo "2350"]
[BlackElo "2410"]
[PlyCount "114"]
[EventDate "1995.10.??"]
[EventType "team"]
[EventRounds "9"]
[EventCountry "GER"]
[SourceTitle "EXT 2001"]
[Source "ChessBase"]
[SourceDate "2000.11.22"]
[SourceVersion "1"]
[SourceVersionDate "2000.11.22"]
[SourceQuality "1"]
[WhiteTeam "Freiburg"]
[BlackTeam "Baiertal"]
[WhiteTeamCountry "GER"]
[BlackTeamCountry "GER"]

1. d4 Nf6 2. Nf3 g6 3. g3 Bg7 4. Bg2 0-0 5. 0-0 d6 6. c3 Nc6 7. Nbd2 e5 8. dxe5 dxe5 9. Qc2 Qe7 10. e4 a5 11. Nc4 h6 12. b3 Rd8 13. Ba3 Qe8 14. Rfd1 Bg4 15. h3 Bxf3 16. Bxf3 b5 17. Ne3 b4 18. Bb2 bxc3 19. Bxc3 Nd4 20. Bxd4 exd4 21. e5 dxe3 22. Bxa8 Nh5 23. Rxd8 Qxd8 24. Bf3 exf2+ 25. Qxf2 Nxg3 26. Re1 Qg5 27. h4 Qxh4 28. Kg2 Nf5 29. Qxh4 Nxh4+ 30. Kg3 Nf5+ 31. Kf4 h5 32. Rg1 Nd4 33. Rf1 Kf8 34. Bd5 Ke7 35. Ke4 Ne6 36. Rc1 h4 37. Bxe6 Kxe6 38. Rc6+ Kd7 39. Rc5 h3 40. Kf3 Ke6 41. Kg3 Bxe5+ 42. Kxh3 f5 43. Rxa5 g5 44. a4 g4+ 45. Kh4 Bf6+ 46. Kg3 Be5+ 47. Kg2 f4 48. Ra8 Kf5 49. Rf8+ Ke4 50. Re8 f3+ 51. Kf1 Kf4 52. a5 Bd4 53. Rf8+ Ke4 54. Re8+ Kf4 55. Rf8+ Ke4 56. Re8+ Kf4 57. Rf8+ Ke4 1/2-1/2

[Event "Oberliga Baden 9596"]
[Site "Germany"]
[Date "1996.03.03"]
[Round "7.1"]
[White "Zelic, Branko"]
[Black "Kiefhaber, Holger"]
[Result "1-0"]
[WhiteElo "2350"]
[BlackElo "2280"]
[PlyCount "95"]
[EventDate "1995.10.??"]
[EventType "team"]
[EventRounds "9"]
[EventCountry "GER"]
[SourceTitle "EXT 2001"]
[Source "ChessBase"]
[SourceDate "2000.11.22"]
[SourceVersion "1"]
[SourceVersionDate "2000.11.22"]
[SourceQuality "1"]
[WhiteTeam "Freiburg"]
[BlackTeam "Karlsruhe II"]
[WhiteTeamCountry "GER"]
[BlackTeamCountry "GER"]

1. d4 d5 2. Nf3 Nf6 3. Bf4 c5 4. e3 Nc6 5. c3 Qb6 6. Qb3 c4 7. Qc2 Bf5 8. Qc1 e6 9. Nh4 Bxb1 10. Rxb1 Qa5 11. Ra1 b5 12. a3 Qd8 13. Nf3 Be7 14. Be2 0-0 15. Bd1 a5 16. Bc2 b4 17. axb4 axb4 18. Rxa8 Qxa8 19. 0-0 bxc3 20. bxc3 Nh5 21. e4 Qa3 22. exd5 Qxc1 23. Bxc1 exd5 24. Ba4 Na5 25. Re1 Bd6 26. Ne5 f6 27. Nd7 Rd8 28. Re6 Bc7 29. Ra6 Nb3 30. Ba3 Nf4 31. Bb4 Nd2 32. Bc6 Kh8 33. g3 Ne2+ 34. Kg2 Ne4 35. Be7 Rc8 36. Bxd5 N4xc3 37. Bb7 Re8 38. d5 h5 39. d6 Nb5 40. dxc7 Nxc7 41. Rc6 Rxe7 42. Rxc7 c3 43. Bf3 Nd4 44. Rc8+ Kh7 45. Nf8+ Kh6 46. Rxc3 g6 47. Rd3 Nxf3 48. Kxf3 1-0

[Event "Oberliga Baden 9495"]
[Site "Germany"]
[Date "1995.03.26"]
[Round "8.2"]
[White "Friedrich, Norbert"]
[Black "Zelic, Branko"]
[Result "1/2-1/2"]
[WhiteElo "2330"]
[BlackElo "2330"]
[PlyCount "126"]
[EventDate "1994.10.??"]
[EventType "team"]
[EventRounds "9"]
[EventCountry "GER"]
[SourceTitle "EXT 2004"]
[Source "ChessBase"]
[SourceDate "2003.11.25"]
[SourceVersion "1"]
[SourceVersionDate "2003.11.25"]
[SourceQuality "1"]
[WhiteTeam "Konstanz"]
[BlackTeam "Freiburg"]
[WhiteTeamCountry "GER"]
[BlackTeamCountry "GER"]

1. e4 c6 2. d4 d5 3. Nd2 dxe4 4. Nxe4 Nf6 5. Nxf6+ exf6 6. Bc4 Bd6 7. Qe2+ Qe7 8. Qxe7+ Kxe7 9. Ne2 Be6 10. Bxe6 fxe6 11. Bf4 Rd8 12. 0-0-0 Na6 13. Bxd6+ Rxd6 14. Ng3 Rad8 15. c3 Rd5 16. Ne4 c5 17. Nxc5 Nxc5 18. dxc5 Rxc5 19. Rxd8 Kxd8 20. Rd1+ Ke7 21. h4 Rf5 22. Rd2 g5 23. hxg5 fxg5 24. Kd1 h5 25. f3 Rd5 26. c4 Rc5 27. b3 a5 28. Ke2 Re5+ 29. Kf2 b5 30. Rd4 Rc5 31. cxb5 Rxb5 32. Rc4 Kf6 33. Ke3 h4 34. Ke4 Re5+ 35. Kd3 Re1 36. Rg4 Kf5 37. Ra4 Rg1 38. Rg4 e5 39. Ke3 Rc1 40. Rc4 Re1+ 41. Kf2 Rd1 42. Ra4 Rd2+ 43. Kf1 Rd4 44. Rxa5 Kf4 45. Ra4 Kg3 46. Rxd4 exd4 47. a4 d3 48. a5 d2 49. Ke2 Kxg2 50. a6 h3 51. a7 h2 52. a8Q d1Q+ 53. Kxd1 h1Q+ 54. Kd2 Qh4 55. f4+ Kg3 56. fxg5 Qxg5+ 57. Kd3 Qb5+ 58. Kc3 Qe5+ 59. Kc4 Qe2+ 60. Kb4 Qd2+ 61. Kb5 Qe2+ 62. Kc5 Qc2+ 63. Kb4 Qd2+ 1/2-1/2